Central Library OPAC University of Rajshahi

Producing the play / (Record no. 16272)

MARC details
000 -LEADER
fixed length control field 01086nam a22003131 4500
001 - CONTROL NUMBER
control field 16272
003 - CONTROL NUMBER IDENTIFIER
rucl marc code BD-RjUL
005 - DATE AND TIME OF LATEST TRANSACTION
control field 20211209000005.0
008 - FIXED-LENGTH DATA ELEMENTS--GENERAL INFORMATION
fixed length control field 140213s1948 nyuaf b 000 0 eng
035 ## - SYSTEM CONTROL NUMBER
System control number (BD-RjUL)16327
System control number (OCoLC)466276
040 ## - CATALOGING SOURCE
Original cataloging agency DLC
Transcribing agency OAU
Modifying agency NBrockU
-- BD-RjUL
Language of cataloging eng
041 ## - LANGUAGE CODE
Language code of text/sound track or separate title eng
082 ## - DEWEY DECIMAL CLASSIFICATION NUMBER
Classification number 792
Author mark and year GAP 1948
100 1# - MAIN ENTRY--PERSONAL NAME
Personal name Gassner, John,
Dates associated with a name 1903-1967.
9 (RLIN) 50316
245 10 - TITLE STATEMENT
Title Producing the play /
Statement of responsibility, etc. by John Gassner ... with the New scene technician's handbook, by Philip W. Barber.
260 ## - PUBLICATION, DISTRIBUTION, ETC. (IMPRINT)
Place of publication, distribution, etc. New York :
Name of publisher, distributor, etc. The Dryden Press ,
Date of publication, distribution, etc. c1948.
300 ## - PHYSICAL DESCRIPTION
Pagination xxvii, 744 p. :
Illustrations incl. front., illus. plates, diagrs. ;
Size 22 cm.
504 ## - BIBLIOGRAPHY, ETC. NOTE
Bibliography, etc "Selective bibliography for the student": p. 5-10.
650 #0 - SUBJECT ADDED ENTRY--TOPICAL TERM
Topical term or geographic name as entry element Theater
General subdivision Production and direction.
9 (RLIN) 50317
Topical term or geographic name as entry element Acting.
9 (RLIN) 49089
Topical term or geographic name as entry element Theaters.
9 (RLIN) 50318
Topical term or geographic name as entry element Theaters
General subdivision Stage-setting and scenery.
9 (RLIN) 50319
Topical term or geographic name as entry element Drama.
9 (RLIN) 2066
700 1# - ADDED ENTRY--PERSONAL NAME
Personal name Barber, Philip Willson,
Dates associated with a name 1903-
942 ## - ADDED ENTRY ELEMENTS (KOHA)
Source of classification or shelving scheme Dewey Decimal Classification
Koha item type Books
Holdings
Lost status Source of classification or shelving scheme Damaged status Not for loan Collection code Permanent Location Current Location Shelving location Date acquired Source of acquisition Total Checkouts Full call number Date last seen Copy number Koha item type
  Dewey Decimal Classification   Not For Loan Non-fiction Central Library, University of Rajshahi Central Library, University of Rajshahi Reading Room 01/03/1958 U.S.I.S.   792 GAP 1948 13/02/2014 C-1 Books